Les éléphants dans les films - Statistiques

Statistiques générales
  • Ce quiz a été pris 162 fois
  • Le résultat moyen est 4 sur 12
Statistiques - réponses
Par images Réponse % Correct
Dumbo
99%
Babar
91%
Tarzan
66%
Le Livre de la Jungle
63%
Jumanji
27%
Horton
25%
George de la Jungle
22%
De l'eau pour les elephants
16%
Le Zoo
3%
Nanny McPhee Le Retour
1%
Le Roi Arthur : La Légende d’Excalibur
0%
My Lucky Elephant
0%
Aucun quiz correspondant
Distribution des résultats
% des personnes avec chaque résultat
Percentile par nombre de réponses
Votre historique - résultats
Vous n’avez pas pris ce quiz